Ján Terezčák oslávil významné jubileum

Bibliographic Details
Main Author: Mlynár, Pavol (Author)
Format: Article
Language:Slovak
Subjects:

MARC

LEADER 00000nab a2200000 a 4500
001 vtls010057439
003 SK-MaSNL
005 20260304173428.0
008 100126 2009 xo e 000 0 slo
038 |a PPPK 
040 |a PPPKCL  |b slo  |c PPPK  |e AACR2 
041 0 |a slo 
044 |a xo  |c SK 
080 |a 796.92  |2 2001 
080 |a 796.92.071.2  |2 2001 
080 |a 929 Terezčák, Jozef  |2 2001 
100 1 |a Mlynár, Pavol  |4 aut  |9 1097141 
245 1 0 |a Ján Terezčák oslávil významné jubileum  |c text a foto: Pavol Mlynár 
300 |b Fotogr. 
600 1 7 |a Terezčák, Ján,  |d 1924-  |2 pppkcl  |9 1250815 
650 0 7 |a lyžovanie  |2 pppkcl  |9 3256 
650 0 7 |a lyžiari  |2 pppkcl  |9 55075 
650 0 7 |a životné jubileá  |2 pppkcl  |9 886388 
651 7 |a Štrbské Pleso (Štrba, Slovensko)  |2 pppkcl  |9 174790 
651 7 |a Kysak (Slovensko)  |2 pppkcl  |9 29831 
773 0 |t Tatranský dvojtýždenník  |g Roč. XX, č. 22 (2009), s. 8 
852 |a PPPK  |b KIS3GCP 
999 |c 3003248  |d 3005178